How Sustainable Enterprises Can Drive The Sustainable Development
Úloha spoločností ako hnacej sily pre trvalo udržateľný rozvoj a rešpektovanie základných práv pracovníkov. Prípadová štúdia o politike spoločností Nike, Apple a Walmart. Sociálne a environmentálne konflikty. Zmeny v udržateľnej politike spološností vo vzťahu k týmto konfliktom.
Enregistré dans:
| Auteur principal: | |
|---|---|
| Autres auteurs: | , |
| Format: | Chapitre de livre |
| Langue: | anglais |
| Sujets: | |
| Tags: |
Pas de tags, Soyez le premier à ajouter un tag!
|
MARC
| LEADER | 00000nla a2200000 4500 | ||
|---|---|---|---|
| 001 | 0243653 | ||
| 005 | 20220803161826.4 | ||
| 041 | 0 | |a eng | |
| 044 | |a MK | ||
| 245 | 1 | 0 | |a How Sustainable Enterprises Can Drive The Sustainable Development |c Patrizia Gazzola, Eka Sepashvili, Roberta Pezzetti |
| 520 | |a Úloha spoločností ako hnacej sily pre trvalo udržateľný rozvoj a rešpektovanie základných práv pracovníkov. Prípadová štúdia o politike spoločností Nike, Apple a Walmart. Sociálne a environmentálne konflikty. Zmeny v udržateľnej politike spološností vo vzťahu k týmto konfliktom. | ||
| 610 | 2 | 0 | |a Európska únia |
| 610 | 2 | 0 | |a Európsky ekonomický priestor |
| 610 | 2 | 0 | |a spoločnosti nadnárodné |
| 610 | 2 | 0 | |a spoločnosti obchodné |
| 610 | 2 | 0 | |a rozvoj trvalo udržateľný |
| 610 | 2 | 0 | |a zamestnanci |
| 610 | 2 | 0 | |a práva pracovníkov |
| 100 | 1 | |a Gazzola, Patrizia | |
| 700 | 1 | |a Sepashvili, Eka | |
| 700 | 1 | |a Pezzetti, Roberta | |